Exit Wounds - Bad Omens - Statistics

General Stats
  • This quiz has been taken 4 times
  • The average score is 289 of 340
Answer Stats
Answer % Correct
a
100%
already
100%
am
100%
an
100%
and
100%
be
100%
before
100%
but
100%
But
100%
can
100%
Dead
100%
dead
100%
die
100%
find
100%
gonna
100%
How
100%
I
100%
in
100%
inside
100%
inside?
100%
it
100%
I've
100%
learn
100%
live
100%
long
100%
lot
100%
me
100%
on
100%
out
100%
the
100%
to
100%
too
100%
took
100%
when
100%
who
100%
you
100%
your
100%
you're
100%
better
75%
breath
75%
calling
75%
drown
75%
Drown
75%
for
75%
Fuck
75%
fuck
75%
get
75%
hear
75%
hold
75%
If
75%
last
75%
learned
75%
my
75%
of
75%
one
75%
prove
75%
so
75%
sound
75%
swim
75%
that
75%
that,
75%
this
75%
wrong
75%
are
50%
bridge
50%
burn
50%
by
50%
cause
50%
clothes
50%
enemy,
50%
ever
50%
fall
50%
head,
50%
help,
50%
help
50%
I'll
50%
kills
50%
knees
50%
makes
50%
Man
50%
man
50%
meet
50%
monster,
50%
monster
50%
Nobody's
50%
Raised
50%
screams
50%
sheep's
50%
tell
50%
up
50%
want
50%
where
50%
wolves
50%
you'll
50%
abandoned
25%
against
25%
always
25%
been
25%
chance
25%
crown's
25%
don't
25%
goddamn
25%
instead
25%
now
25%
own
25%
part
25%
plan
25%
stand
25%
stuck
25%
Taking
25%
taught
25%
weren't
25%
you'd
25%
No matching quizzes found
Score Distribution
Percent of People with Each Score
Percentile by Number Answered
Your Score History
You have not taken this quiz